02796cam a22003495a 450000100090000000300090000900500170001800800410003502000370007602000340011304000330014708200190018024500890019926400440028830000460033233600260037833700280040433800270043250400520045950505250051152009390103665000440197565000680201965100100208765300240209765500240212170000530214570000530219894200270225199900170227895201510229517663077EG-ScBUE20220904102029.0130318s2014 enka f b 001 0 eng d a9780415469241 (pbk : alk. paper) a0415469244 (pbk : alk. paper) aDLCbengerdacDLCdEG-ScBUE04222a720.1bOXM00aTheories of the digital in architecture /c[edited by] Rivka Oxman and Robert Oxman. 1aLondon ;aNew York :bRoutledge,c2014. axxvi, 429 pages :billustrations ;c26 cm 2rdacontentatextbtxt 2rdamediaaunmediatedbn 2rdacarrieravolumebnc aIncludes bibliographical references and index.  aTheory: A Universe of Discourse -- Form: From Composition to Generation -- Performance/Generation: From Analysis to Informed Synthesis -- Parametrics: The Design of Multiplicities -- Morphogenesis: Bio-inspired Evolutionary Design -- Tectonics: From Form to Material Tectonics -- Materialization: Materialization Processes and Design Technologies -- Material Fabrication: Design Technologies of Digital Materiality -- Responsive/Dynamic/Adaptive -- Epistemology: Disciplinary Knowledge of Digital Design in Architecture. aIn the form of a critical anthology, this book interlaces an ensemble of seminal articles by leading figures in the theory and practice of digital design with a series of original theoretical texts. It develops a meta-theory of the emerging interactions of media technologies and design in architecture. This theory is promoted as a foundation of transformations in design methods as well as a basis for the evolution of new forms of design thinking. The development of an explication of emerging concepts in the form of a new taxonomy is an important contribution in any form of discourse analysis. Theories of the Digital in Architecture attempts to develop such a conceptual orientation for the growing impact of the integration of digital media technologies in design. It locates these conceptual structures within a historical perspective that identifies the coming into being of a new epistemology of the digital in architecture 7aArchitecturexPhilosophy.2BUEsh913087 7aArchitectural design xTechnological innovations.2BUEsh913057 2BUEsh bENGARCcOctober2016 vReading book9342321 aOxman, Rivka‏. eeditor of compilation.9416201 aOxman, Robert‏.eeditor of compilation.941621 2ddce22k720.1 OXMcBB c22862d22834 00102ddc40708BaccahaMAINbMAINc2NDd2016-10-25ePurchaseg518.00h3654l0o720.1 OXMp000034242r2025-07-15 00:00:00v648.00w2016-10-25yBB